Chemical secret

John Ducan was an honest man, but he needed money. He had children to look after. He was ready to do anything, and his bosses knew it. They gavw him the job because he couldn't say no; he couldn't afford to be honest. And the job was like a poison inside him. It changed him and blinded him...

Cur síos iomlán

Đã lưu trong:
Sonraí Bibleagrafaíochta
Príomhúdar: Vicary, Tim
Formáid: Leabhar
Teanga:Undetermined
Foilsithe: Oxford Oxford Univ. Press 1996
Ábhair:
Clibeanna: Cuir Clib Leis
Gan Chlibeanna, Bí ar an gcéad duine leis an taifead seo a chlibeáil!
Thư viện lưu trữ: Trung tâm Học liệu Trường Đại học Cần Thơ
LEADER 00909nam a2200217Ia 4500
001 CTU_34884
008 210402s9999 xx 000 0 und d
020 |c 14000 
082 |a 823.9 
082 |b V629 
100 |a Vicary, Tim 
245 0 |a Chemical secret 
245 0 |c Tim Vicary 
260 |a Oxford 
260 |b Oxford Univ. Press 
260 |c 1996 
520 |a John Ducan was an honest man, but he needed money. He had children to look after. He was ready to do anything, and his bosses knew it. They gavw him the job because he couldn't say no; he couldn't afford to be honest. And the job was like a poison inside him. It changed him and blinded him, so that he couldn't see the real poison - until it was too late. 
650 |a English fiction,English literature 
650 |y 20th century,20th century 
904 |i Minh, Qhieu 
980 |a Trung tâm Học liệu Trường Đại học Cần Thơ